Countries who have some form of plant life on their flag - Statistics

General Stats
  • This quiz has been taken 26 times
  • The average score is 16 of 26
Answer Stats
Plant(Continent) Answer % Correct
Maple Leaf(N America) Canada
95%
Cactus Wreath(N America) Mexico
95%
Green Cedar(Asia) Lebanon
90%
Mahogany Tree and leaves(N America) Belize
76%
Laurel Wheat andPalm tree(S America) Bolivia
76%
Olive Branch(Europe) Cyprus
76%
Bay Laurel(N America) Guatemala
71%
Chinchona tree,Laurel leaves and Palm branch(S America) Peru
71%
Laurel and Palm leaf(S America) Ecuador
67%
Laurel Leaves(N America) El Salvador
67%
Olive and Palm branch(S America) Paraguay
67%
Pomegranete(Europe) Spain
67%
Palm Leaf and Bay Larel(N America) Dominican Republic
62%
Palm Tree(N America) Haiti
57%
Namele fern(Oceania) Vanuatu
57%
Palm Fronds(N America) Costa Rica
52%
Bananas,Cocoa Pod,Coconut Palm and Sugar Cane(Oceania) Fiji
52%
Nutmeg Clove(N America) Grenada
52%
Wreath(Europe) San Marino
52%
Olive and Palm branch(S America) Venezuela
52%
Olive branch(Africa) Eritrea
48%
Wheat (Asia) Afghanistan
43%
Olive branch(Asia) Turkmenistan
43%
Silk Cotton Tree(Africa) Equatorial Guinea
38%
Olive Branch(Europe) Moldova
38%
Bo Leaves(Asia) Sri Lanka
29%
No matching quizzes found
Score Distribution
Percent of People with Each Score
Percentile by Number Answered
Your Score History
You have not taken this quiz